Migration, identity and conflict : (Record no. 53360)

MARC details
000 -LEADER
fixed length control field 01192nam a22002537a 4500
005 - DATE AND TIME OF LATEST TRANSACTION
control field 20110629103743.0
010 ## - LCCN (DPL NO)
LC control number ENG-102692 B-456797
020 ## - INTERNATIONAL STANDARD BOOK NUMBER
Terms of availability 795.00
International Standard Book Number 9780415664998
035 ## - SYSTEM CONTROL NUMBER
System control number EN-86225 B-456797
037 ## - SOURCE OF ACQUISITION
Source of stock number/acquisition DBAD / PUB
037 ## - SOURCE OF ACQUISITION
Source of stock number/acquisition K.K.Pub/Ven
082 ## - DEWEY DECIMAL CLASSIFICATION NUMBER
Classification number 305.80094
245 ## - TITLE STATEMENT
Title Migration, identity and conflict :
Statement of responsibility, etc edited by S. Irudaya Rajan
Remainder of title India migration report 2011 /
260 ## - PUBLICATION, DISTRIBUTION, ETC. (IMPRINT)
Place of publication, distribution, etc New Delhi
Name of publisher, distributor, etc Routledge
Date of publication, distribution, etc 2011
270 ## - ADDRESS
Address 912-915 Tolstoy House, 15-17 Tolstoy Marg
City New Delhi
Postal code 110001
300 ## - PHYSICAL DESCRIPTION
Extent xviii,338 p. :
Dimensions 23cm (Hb)
Other physical details ill.
500 ## - GENERAL NOTE
General note Includes bibliographical references and ndex
700 ## - ADDED ENTRY--PERSONAL NAME
9 (RLIN) 28520
Personal name Irudaya Rajan, S.
710 ## - ADDED ENTRY--CORPORATE NAME
9 (RLIN) 28535
942 ## - ADDED ENTRY ELEMENTS (KOHA)
Source of classification or shelving scheme Dewey Decimal Classification
Item type English Books
Call number suffix MIG
Classification part 305.80094
Holdings
Withdrawn status Lost status Not for loan Collection code Home library Current library Date acquired Source of acquisition Cost, normal purchase price Full call number Barcode Copy number Cost, replacement price Koha item type
      Non-fiction Central Library Central Library 16/08/2012 K.K.Pub/1636/20.01.2012/19/16.01.2012/03.02.2012 795.00 305.80094 MIG B-456797 1 795.00 English Books
    Not For Loan Non-fiction D.B.Act.Division D.B.Act.Division 29/06/2011 DBAD/PUB 795.00 305.80094 MIG EN-86225 1 795.00 English Books

© Delhi Public Library
Hit Counter
free hit counter